Success in research publishing journal articles (Record no. 165076)

MARC details
000 -LEADER
fixed length control field 00669nam a2200241Ia 4500
003 - CONTROL NUMBER IDENTIFIER
control field OSt
005 - DATE AND TIME OF LATEST TRANSACTION
control field 20250721124748.0
008 - FIXED-LENGTH DATA ELEMENTS--GENERAL INFORMATION
fixed length control field 210423s2012 xx 000 0 und d
020 ## - INTERNATIONAL STANDARD BOOK NUMBER
International Standard Book Number 978-81-321-1024-8
040 ## - CATALOGING SOURCE
Transcribing agency AL
041 ## - LANGUAGE CODE
Language code of text/sound track or separate title eng
082 ## - DEWEY DECIMAL CLASSIFICATION NUMBER
Classification number 070.572
Item number BECS
100 ## - MAIN ENTRY--PERSONAL NAME
Personal name Lucinda Becker
9 (RLIN) 108172
245 ## - TITLE STATEMENT
Title Success in research publishing journal articles
260 ## - PUBLICATION, DISTRIBUTION, ETC.
Place of publication, distribution, etc. New Delhi
Name of publisher, distributor, etc. Sage Publications
Date of publication, distribution, etc. 2012
300 ## - PHYSICAL DESCRIPTION
Extent viii,141
Other physical details PB
365 ## - TRADE PRICE
Price amount 295
Currency code INR
650 ## - SUBJECT ADDED ENTRY--TOPICAL TERM
Topical term or geographic name entry element Journalism
9 (RLIN) 108173
650 ## - SUBJECT ADDED ENTRY--TOPICAL TERM
Topical term or geographic name entry element Publishing
9 (RLIN) 108174
700 ## - ADDED ENTRY--PERSONAL NAME
Personal name Denicolo, Pam
9 (RLIN) 219557
906 ## - LOCAL DATA ELEMENT F, LDF (RLIN)
a articles. ; journal ; publishing ; research ; Success
942 ## - ADDED ENTRY ELEMENTS (KOHA)
Source of classification or shelving scheme Dewey Decimal Classification
Koha item type Book
Holdings
Withdrawn status Lost status Damaged status Not for loan Collection code Home library Current library Date acquired Source of acquisition Cost, normal purchase price Total Checkouts Full call number Barcode Date last seen Date last checked out Price effective from Koha item type
        MAJMC St Aloysius PG Library St Aloysius PG Library 12/09/2013 Deepthi Book House 295.00 1 070.572 BECS PG011574 07/26/2025 07/21/2025 04/26/2021 Book